000
00221nam a22000857a 4500
008
160915b xxu||||| |||| 00| 0 eng d
100
_9
524
_a
Aggarwal.R.S
245
_a
Mathematics-7
260
_a
New Delhi
_b
B.B. publications
_c
2012
999
_c
3181
_d
3181